Biggest cities of India-sudden death - Statistics

General Stats
  • This quiz has been taken 28 times
  • The average score is 3 of 10
Answers on the Grid
Answers color-coded by a green-red scale on the quiz's grid according to % correct below.
Mumbai
Delhi
Bengaluru
Hyderabad
Ahmedabad
Chennai
Surat
Kolkata
Pune
Jaipur
Lucknow
Nagpur
Kanpur
Indore
Thane
Bhopal
Visakhapatnam
Pimpri-Chinchwad
Patna
Vadodara
Ghaziabad
Ludhiana
Agra
Nashik
Faridabad
Meerut
Rajkot
Kota
Kochi
Raipur
 
Answer Stats
Answer % Correct
Jaipur
100%
Ahmedabad
33%
Bengaluru
33%
Chennai
33%
Delhi
33%
Hyderabad
33%
Kolkata
33%
Mumbai
33%
Pune
0%
Surat
0%
No matching quizzes found
Score Distribution
Percent of People with Each Score
Percentile by Number Answered
Your Score History
You have not taken this quiz